| 000 | 00996nam a22002537a 4500 | ||
|---|---|---|---|
| 999 |
_c8689 _d8689 |
||
| 003 | AR-CdUCM | ||
| 008 | 190325b ||||| |||| 00| 0 spa d | ||
| 040 |
_aMUNICIPALIDAD PROVINCIAL DEL CUSCO _cBIBLIOTECA MUNICIPAL DEL CUSCO |
||
| 082 |
_a305.232 / _bG87 |
||
| 100 |
_aGuerrero, Gabriela _924276 |
||
| 245 | _aAlianzas público privadas a favor de la primera infancia en el Perú / | ||
| 260 |
_aLima : _bGrade, _c2010. |
||
| 300 |
_a127 páginas ; _c21 cm. |
||
| 505 | _aAcceso a la educación inicial en la primera infancia -- Las alianzas públicos privadas -- Objetivos y método de estudio -- Principales iniciativas de atención para la primera infancia en el Perú... | ||
| 650 |
_aEducación inicial. _93463 |
||
| 650 |
_aProgramas sociales. _924277 |
||
| 650 |
_awawawasi. _924278 |
||
| 650 |
_aProyectos conjuntos. _924279 |
||
| 650 |
_aSector Público. _96350 |
||
| 700 |
_aSugimaru, Claudia _924280 |
||
| 700 |
_aCueto, Santiago _924281 |
||
| 942 |
_2ddc _cLIBROS |
||
| 945 | _awfj | ||